[Event "Scarborough CC Falling Leaves"]
[Site "Toronto CAN"]
[Date "2010.11.04"]
[Round "2"]
[White "Abrahams, Daniel"]
[Black "Casareno, Erwin"]
[Result "0-1"]
[WhiteElo "2116"]
[BlackElo "2129"]
[PlyCount "76"]
[EventDate "2010.10.28"]
[EventType "swiss"]
[EventRounds "7"]
[EventCountry "CAN"]

1. Nf3 c5 2. e4 Nc6 3. d4 cxd4 4. Nxd4 Qb6 5. Nb3 e6 6. Bd3 Nf6 7. Nc3 a6 8. f4
d6 9. Qf3 Be7 10. g4 Nd7 11. h4 Nc5 12. Nxc5 dxc5 13. e5 Nd4 14. Qf2 Bd7 15.
O-O Bc6 16. Ne4 O-O-O 17. c3 Nb3 18. Nd6+ Bxd6 19. axb3 Be7 20. Bc4 Qc7 21. Be3
Be4 22. Rfd1 Qc6 23. Be2 Rxd1+ 24. Rxd1 Rd8 25. Rxd8+ Kxd8 26. f5 Bh1 27. f6
gxf6 28. exf6 Bd6 29. Bd3 Be4 30. Bf1 Qd5 31. Qd2 Qe5 32. Qf2 Kc7 33. g5 Bc6
34. Bc4 Qe4 35. Kf1 b5 36. Bxe6 Qd3+ 37. Qe2 Qb1+ 38. Kf2 fxe6 0-1

[Event "Scarborough CC Falling Leaves"]
[Site "Toronto CAN"]
[Date "2010.11.04"]
[Round "2"]
[White "Ferreira, Alex"]
[Black "Wu, Kevin"]
[Result "0-1"]
[WhiteElo "2087"]
[BlackElo "1957"]
[PlyCount "82"]
[EventDate "2010.10.28"]
[EventType "swiss"]
[EventRounds "7"]
[EventCountry "CAN"]

1. d4 Nf6 2. Bg5 e6 3. e4 Be7 4. Bd3 Nc6 5. Ne2 Nb4 6. O-O Nxd3 7. Qxd3 b6 8.
f4 Bb7 9. Bxf6 Bxf6 10. Nd2 d6 11. Rad1 Qd7 12. c4 Rd8 13. Qg3 g6 14. f5 Qe7
15. fxe6 fxe6 16. b4 O-O 17. Qd3 c5 18. b5 d5 19. cxd5 cxd4 20. Nf4 exd5 21. e5
Bxe5 22. Rde1 Qd6 23. Nh3 Bxh2+ 24. Kh1 Bg3 25. Rd1 Bc8 26. Rf3 Rxf3 27. Nxf3
Bxh3 28. gxh3 Bf2 29. Nxd4 Bxd4 30. Qxd4 Qe6 31. Qd3 d4 32. Rd2 Qd5+ 33. Kg1
Qg5+ 34. Kh2 Qf4+ 35. Kg2 Rd5 36. Kh1 Kg7 37. Re2 Re5 38. Rxe5 Qxe5 39. Kg2 h5
40. Qc4 Qe4+ 41. Kf1 Qf3+ 0-1

[Event "Scarborough CC Falling Leaves"]
[Site "Toronto CAN"]
[Date "2010.11.04"]
[Round "2"]
[White "Guo, Joshua"]
[Black "Peng, Bill"]
[Result "0-1"]
[WhiteElo "2198"]
[BlackElo "2218"]
[PlyCount "70"]
[EventDate "2010.10.28"]
[EventType "swiss"]
[EventRounds "7"]
[EventCountry "CAN"]

1. e4 e6 2. d4 d5 3. Nc3 Nf6 4. Bg5 Be7 5. e5 Nfd7 6. h4 a6 7. Nce2 c5 8. c3
Nc6 9. Nf3 b5 10. Bxe7 Qxe7 11. g3 f6 12. exf6 Nxf6 13. Bg2 O-O 14. O-O Bb7 15.
Nf4 cxd4 16. Nxd4 Nxd4 17. cxd4 Ne4 18. Qg4 Rae8 19. Nd3 Qf6 20. Ne5 Nd2 21.
Nd7 Qf5 22. Qxf5 Rxf5 23. Rfe1 Bc8 24. Ne5 Nc4 25. b3 Nxe5 26. Rxe5 Rxe5 27.
dxe5 Re7 28. Rc1 Bb7 29. f4 Kf7 30. Kf2 Rd7 31. Ke2 g6 32. b4 Ke7 33. Kd3 Kd8
34. Bh3 Re7 35. Kd4 h5 0-1

[Event "Scarborough CC Falling Leaves"]
[Site "Toronto CAN"]
[Date "2010.11.04"]
[Round "2"]
[White "Hall, John"]
[Black "Southam, David"]
[Result "1/2-1/2"]
[WhiteElo "2229"]
[BlackElo "2161"]
[PlyCount "41"]
[EventDate "2010.10.28"]
[EventType "swiss"]
[EventRounds "7"]
[EventCountry "CAN"]

1. e4 e6 2. d4 d5 3. Nd2 Be7 4. Ngf3 Nf6 5. e5 Nfd7 6. Bd3 c5 7. c3 Nc6 8. O-O
g5 9. dxc5 g4 10. Nd4 Ndxe5 11. N2b3 Nxd3 12. Qxd3 e5 13. Ne2 Be6 14. Bh6 Qc7
15. Ng3 Qd7 16. Rfe1 Rg8 17. Rad1 O-O-O 18. Qb5 Qc7 19. Qd3 Qd7 20. Qb5 Qc7 21.
Qd3 1/2-1/2

[Event "Scarborough CC Falling Leaves"]
[Site "Toronto CAN"]
[Date "2010.11.04"]
[Round "2"]
[White "Sharpe, Sam"]
[Black "Krupka, David"]
[Result "1/2-1/2"]
[WhiteElo "1988"]
[BlackElo "1986"]
[PlyCount "42"]
[EventDate "2010.10.28"]
[EventType "swiss"]
[EventRounds "7"]
[EventCountry "CAN"]

1. d4 d5 2. c4 e5 3. dxe5 d4 4. Nf3 Nc6 5. Nbd2 Be6 6. a3 Nge7 7. g3 Ng6 8. Bg2
Be7 9. b4 O-O 10. O-O Qd7 11. Bb2 Ncxe5 12. Rc1 c5 13. Nxe5 Nxe5 14. bxc5 Nc6
15. Nf3 Bxc5 16. Qd2 Rad8 17. Rfd1 Bg4 18. Qf4 Bd6 19. Qd2 Bc5 20. Qf4 Bd6 21.
Qd2 Bc5 1/2-1/2

[Event "Scarborough CC Falling Leaves"]
[Site "Toronto CAN"]
[Date "2010.11.04"]
[Round "2"]
[White "Song, Michael"]
[Black "Picana, Andrew"]
[Result "1-0"]
[WhiteElo "2133"]
[BlackElo "2144"]
[PlyCount "93"]
[EventDate "2010.10.28"]
[EventType "swiss"]
[EventRounds "7"]
[EventCountry "CAN"]

1. d4 Nf6 2. f3 c5 3. e4 d6 4. Bc4 e6 5. Ne2 Be7 6. c3 O-O 7. O-O Qc7 8. Bb3
Nc6 9. Be3 Bd7 10. Nd2 Rac8 11. h3 cxd4 12. cxd4 Na5 13. Ba4 b5 14. Rc1 Qb8 15.
Bc2 Nc4 16. Nxc4 bxc4 17. b3 Bb5 18. b4 Rfd8 19. a4 Bd7 20. b5 Nh5 21. Qe1 g6
22. d5 Re8 23. Qf2 exd5 24. Nc3 dxe4 25. Bxe4 Rc5 26. Nd5 Qd8 27. Bxc5 dxc5 28.
Nxe7+ Qxe7 29. Rxc4 Be6 30. Rxc5 Nf4 31. Kh2 Qd6 32. Rc6 Qe5 33. Qc5 Qb8 34.
Qd6 Qxd6 35. Rxd6 f5 36. Bc6 Re7 37. Re1 Kf7 38. g3 Nh5 39. Rdxe6 Rxe6 40. Bd5
Ng7 41. Rc1 Kf6 42. Bxe6 Nxe6 43. a5 Nd4 44. b6 axb6 45. axb6 Nxf3+ 46. Kh1 Ne5
47. Rc7 1-0

[Event "Scarborough CC Falling Leaves"]
[Site "Toronto CAN"]
[Date "2010.11.11"]
[Round "3"]
[White "Casareno, Erwin"]
[Black "Moffat, Andrei"]
[Result "0-1"]
[WhiteElo "2129"]
[BlackElo "2259"]
[PlyCount "72"]
[EventDate "2010.10.28"]
[EventType "swiss"]
[EventRounds "7"]
[EventCountry "CAN"]

1. e4 c5 2. Nf3 Nc6 3. Bc4 e6 4. Nc3 a6 5. d3 b5 6. Bb3 Bb7 7. O-O Qc7 8. a4 b4
9. Ne2 h6 10. Bf4 Bd6 11. Qd2 Bxf4 12. Nxf4 Nf6 13. c3 O-O 14. cxb4 Nxb4 15.
Rac1 Rac8 16. Rfe1 Qb8 17. h3 Rfd8 18. Qe3 d5 19. exd5 Nfxd5 20. Nxd5 Bxd5 21.
Rc3 Qa8 22. Ne5 Bxb3 23. Rxb3 Nc2 24. Qf4 Nxe1 25. Qxf7+ Kh8 26. Rb7 Rg8 27.
Kf1 Nxg2 28. Ng6+ Kh7 29. h4 Ne3+ 30. Ke2 Nf5 31. Rb6 Rgf8 32. Nxf8+ Rxf8 33.
Rxa6 Qc8 34. Qa7 Nd4+ 35. Ke1 e5 36. h5 Qf5 0-1

[Event "Scarborough CC Falling Leaves"]
[Site "Toronto CAN"]
[Date "2010.11.11"]
[Round "3"]
[White "Corvo, Paul"]
[Black "Hall, John"]
[Result "1/2-1/2"]
[WhiteElo "1902"]
[BlackElo "2229"]
[PlyCount "107"]
[EventDate "2010.10.28"]
[EventType "swiss"]
[EventRounds "7"]
[EventCountry "CAN"]

1. e4 d6 2. d4 Nf6 3. Nc3 e5 4. dxe5 dxe5 5. Qxd8+ Kxd8 6. Bg5 Be6 7. Nf3 Nbd7
8. O-O-O Kc8 9. Be2 c6 10. a3 Ng4 11. Bh4 f6 12. h3 Nh6 13. g4 Nf7 14. Nd2 Nb6
15. Nf1 Bc5 16. Rh2 Kc7 17. f3 Rad8 18. Bf2 Bxf2 19. Rxf2 h5 20. Rxd8 Kxd8 21.
Ng3 hxg4 22. hxg4 Nd7 23. Nd1 Rh3 24. Rg2 Ng5 25. Ne3 g6 26. Nef1 Ke7 27. Rh2
Rxh2 28. Nxh2 Nh3 29. Nhf1 Nf4 30. Ne3 Nf8 31. Bc4 b5 32. Bxe6 N8xe6 33. c3 Ng5
34. c4 Nxf3 35. cxb5 cxb5 36. Kc2 Kd6 37. Kc3 Kc5 38. b4+ Kd6 39. Ngf1 Ng5 40.
Ng3 Nge6 41. Nd1 Nd4 42. Kd2 Ke6 43. Ne3 Kd6 44. Kc3 Nfe2+ 45. Nxe2 Nxe2+ 46.
Kd3 Nf4+ 47. Kd2 Kc6 48. Ke1 Nd3+ 49. Ke2 Nf4+ 50. Kd2 Kb6 51. Kc3 a5 52. Kd2
axb4 53. axb4 Kc6 54. Kc3 1/2-1/2

[Event "Scarborough CC Falling Leaves"]
[Site "Toronto CAN"]
[Date "2010.11.11"]
[Round "3"]
[White "Gillis, Doug"]
[Black "Su, Stanley"]
[Result "0-1"]
[WhiteElo "1622"]
[BlackElo "1807"]
[PlyCount "44"]
[EventDate "2010.10.28"]
[EventType "swiss"]
[EventRounds "7"]
[EventCountry "CAN"]

1. d4 Nf6 2. Nc3 g6 3. e4 d6 4. h3 Bg7 5. Nf3 Nbd7 6. Be3 O-O 7. Qd2 c5 8. dxc5
Nxc5 9. Bxc5 dxc5 10. Qxd8 Rxd8 11. Rd1 Rxd1+ 12. Kxd1 Be6 13. Ng5 Rd8+ 14. Ke1
Bd7 15. Bc4 e6 16. Ke2 Bc6 17. f3 h6 18. e5 hxg5 19. exf6 Bxf6 20. Ne4 Bxe4 21.
fxe4 Rd4 22. Bd3 c4 0-1

[Event "Scarborough CC Falling Leaves"]
[Site "Toronto CAN"]
[Date "2010.11.11"]
[Round "3"]
[White "Guo, Joshua"]
[Black "Abrahams, Daniel"]
[Result "1/2-1/2"]
[WhiteElo "2198"]
[BlackElo "2116"]
[PlyCount "46"]
[EventDate "2010.10.28"]
[EventType "swiss"]
[EventRounds "7"]
[EventCountry "CAN"]

1. e4 e5 2. Nf3 Nc6 3. Bb5 Nf6 4. O-O Nxe4 5. d4 Nd6 6. Bxc6 dxc6 7. dxe5 Nf5
8. Qxd8+ Kxd8 9. Nc3 h6 10. h3 Ne7 11. Be3 Ng6 12. Rad1+ Ke8 13. Ne2 b6 14. Nf4
Nxf4 15. Bxf4 c5 16. Rd2 Be6 17. a3 Rd8 18. Rfd1 Be7 19. Rxd8+ Bxd8 20. Nd2 Kd7
21. Be3 Kc6 22. f4 h5 23. Nf3 a5 1/2-1/2

[Event "Scarborough CC Falling Leaves"]
[Site "Toronto CAN"]
[Date "2010.11.11"]
[Round "3"]
[White "Krupka, David"]
[Black "Ferreira, Alex"]
[Result "1/2-1/2"]
[WhiteElo "1986"]
[BlackElo "2087"]
[PlyCount "62"]
[EventDate "2010.10.28"]
[EventType "swiss"]
[EventRounds "7"]
[EventCountry "CAN"]

1. d4 Nf6 2. c4 e5 3. dxe5 Ng4 4. Nf3 Nc6 5. e3 Ngxe5 6. Be2 Bb4+ 7. Bd2 Bxd2+
8. Qxd2 O-O 9. Nc3 d6 10. O-O Nxf3+ 11. Bxf3 Ne5 12. Be2 Be6 13. b3 Qh4 14. Nd5
c6 15. Nf4 Rad8 16. Qd4 Bc8 17. Qxa7 Bf5 18. Qd4 g5 19. Nh5 g4 20. Nf4 Qg5 21.
Kh1 h5 22. Nd3 Ng6 23. f4 Qe7 24. Rae1 h4 25. Nf2 g3 26. Ng4 Bxg4 27. Bxg4 f5
28. Bh5 Rf6 29. Rf3 Nf8 30. hxg3 Ne6 31. Qc3 Nc5 1/2-1/2

[Event "Scarborough CC Falling Leaves"]
[Site "Toronto CAN"]
[Date "2010.11.11"]
[Round "3"]
[White "Lin, Tony (Juntao)"]
[Black "Picana, Andrew"]
[Result "0-1"]
[WhiteElo "1925"]
[BlackElo "2144"]
[PlyCount "142"]
[EventDate "2010.10.28"]
[EventType "swiss"]
[EventRounds "7"]
[EventCountry "CAN"]

1. d4 d5 2. Nf3 e6 3. c4 c6 4. g3 f5 5. Bf4 Nf6 6. Bg2 Be7 7. O-O O-O 8. Nc3
Qe8 9. Ne5 Ne4 10. f3 Ng5 11. Qd2 Nf7 12. e4 Nxe5 13. Bxe5 dxc4 14. Ne2 Nd7 15.
Bf4 Nf6 16. Rac1 b5 17. a4 a5 18. Qc2 Bd7 19. b3 cxb3 20. Qxb3 Qf7 21. Nc3 b4
22. Nb1 Rfc8 23. Be5 Ra6 24. Nd2 c5 25. Nc4 cxd4 26. Bxd4 e5 27. Bxe5 Be6 28.
Nd6 Bxd6 29. Rxc8+ Bxc8 30. Qxf7+ Kxf7 31. Bxd6 Rxd6 32. e5 Rb6 33. exf6 b3 34.
f4 Kxf6 35. Rb1 b2 36. Bf1 Rb4 37. Bd3 Be6 38. Rd1 Bb3 39. Re1 Bxa4 40. Bb1 Bc6
41. Re5 Be4 42. Ba2 b1=Q+ 43. Bxb1 Rxb1+ 44. Kf2 a4 45. g4 g6 46. gxf5 gxf5 47.
Ra5 Ra1 48. Ke3 Ra3+ 49. Kd4 Bc2 50. Ra6+ Kg7 51. h4 Rd3+ 52. Ke5 Re3+ 53. Kd4
Re4+ 54. Kd5 Rxf4 55. h5 Rh4 56. Ke6 Rxh5 57. Ra7+ Kf8 58. Rf7+ Kg8 59. Rc7
Bb3+ 60. Kf6 Rh6+ 61. Kxf5 Ra6 62. Rc8+ Kg7 63. Rc7+ Bf7 64. Rc1 a3 65. Ke4 a2
66. Ra1 Bg6+ 67. Kd4 Bb1 68. Ke5 Rf6 69. Kd5 h5 70. Kc5 h4 71. Kb5 h3 0-1

[Event "Scarborough CC Falling Leaves"]
[Site "Toronto CAN"]
[Date "2010.11.11"]
[Round "3"]
[White "Sharpe, Sam"]
[Black "Bzikot, Robert"]
[Result "0-1"]
[WhiteElo "1988"]
[BlackElo "2024"]
[PlyCount "52"]
[EventDate "2010.10.28"]
[EventType "swiss"]
[EventRounds "7"]
[EventCountry "CAN"]

1. d4 f5 2. g3 Nf6 3. Bg2 g6 4. Nf3 Bg7 5. O-O d6 6. c4 O-O 7. Nc3 c6 8. Re1
Qc7 9. e4 fxe4 10. Nxe4 Kh8 11. b3 Bg4 12. Bb2 Nbd7 13. Ned2 Rae8 14. h3 Bxf3
15. Nxf3 e5 16. dxe5 dxe5 17. Qc2 e4 18. Ng5 e3 19. f4 Nc5 20. Kh2 Nh5 21. Ne4
Nxe4 22. Bxg7+ Kxg7 23. Bxe4 Nxg3 24. Rxe3 Nxe4 25. Rxe4 Rxe4 26. Qxe4 Rxf4 0-1

[Event "Scarborough CC Falling Leaves"]
[Site "Toronto CAN"]
[Date "2010.11.11"]
[Round "3"]
[White "Southam, David"]
[Black "Song, Michael"]
[Result "1-0"]
[WhiteElo "2161"]
[BlackElo "2133"]
[PlyCount "88"]
[EventDate "2010.10.28"]
[EventType "swiss"]
[EventRounds "7"]
[EventCountry "CAN"]

1. d4 Nf6 2. c4 e6 3. Nc3 Bb4 4. e3 b6 5. Nge2 Bb7 6. a3 Bxc3+ 7. Nxc3 d6 8. d5
e5 9. Bd3 O-O 10. O-O Nbd7 11. b4 Qe7 12. e4 Ne8 13. g3 Kh8 14. f4 g6 15. f5
Rg8 16. Ra2 g5 17. Be3 f6 18. Rg2 Qf7 19. Na4 c6 20. dxc6 Bxc6 21. Nc3 Rc8 22.
Rc2 h5 23. h3 g4 24. h4 Nc7 25. Qe2 Rgd8 26. Rfc1 Qe8 27. Qd2 Bb7 28. Bf2 Kg7
29. Kh2 Nb8 30. Qe3 Nc6 31. Ne2 Ne7 32. Rc3 Qd7 33. Qd2 b5 34. cxb5 d5 35. b6
axb6 36. Bxb6 dxe4 37. Rxc7 Rxc7 38. Rxc7 Qxd3 39. Qxd3 exd3 40. Rxe7+ Kg8 41.
Rxb7 dxe2 42. Bf2 Rd2 43. Kg1 Rd3 44. a4 e4 1-0

[Event "Scarborough CC Falling Leaves"]
[Site "Toronto CAN"]
[Date "2010.11.11"]
[Round "3"]
[White "Ward, Dean"]
[Black "Cale, Ferdinand"]
[Result "1-0"]
[WhiteElo "1832"]
[BlackElo "1841"]
[PlyCount "67"]
[EventDate "2010.10.28"]
[EventType "swiss"]
[EventRounds "7"]
[EventCountry "CAN"]

1. d4 e6 2. e4 d5 3. e5 Nd7 4. Nf3 h6 5. c4 c6 6. Bd2 a5 7. Bd3 Nb6 8. c5 Nd7
9. Qc2 b6 10. cxb6 Qxb6 11. Nc3 Bb4 12. O-O Bxc3 13. bxc3 Ne7 14. Rab1 Qc7 15.
c4 c5 16. cxd5 exd5 17. dxc5 Nxe5 18. Nxe5 Qxe5 19. Bb5+ Kf8 20. Rfe1 Qc7 21.
Qc1 Bf5 22. Bf4 Qc8 23. Bd6 Be6 24. c6 Ra7 25. Qc5 Rc7 26. Qb6 Kg8 27. Qxc7 Nf5
28. Qxc8+ Bxc8 29. Bc5 Be6 30. Rxe6 fxe6 31. c7 Kf7 32. Ba6 Ne7 33. Bxe7 Kxe7
34. c8=Q 1-0

[Event "Scarborough CC Falling Leaves"]
[Site "Toronto CAN"]
[Date "2010.11.18"]
[Round "4"]
[White "Ferreira, Alex"]
[Black "Lin, Tony (Juntao)"]
[Result "1-0"]
[WhiteElo "2087"]
[BlackElo "1925"]
[PlyCount "59"]
[EventDate "2010.10.28"]
[EventType "swiss"]
[EventRounds "7"]
[EventCountry "CAN"]

1. e4 c5 2. Nf3 d6 3. d4 cxd4 4. Nxd4 Nf6 5. Nc3 Nc6 6. Bc4 e6 7. O-O Be7 8.
Kh1 a6 9. a4 O-O 10. Be3 Ne5 11. Bb3 Neg4 12. Bg5 h6 13. Bh4 Qc7 14. Qe2 b6 15.
f4 h5 16. h3 Nh6 17. e5 dxe5 18. fxe5 Nh7 19. Bxe7 Qxe7 20. Qxh5 Qc5 21. Rad1
Nf5 22. Nxf5 exf5 23. Nd5 Be6 24. Rf4 g5 25. Rc4 Qxd5 26. Rxd5 Bxd5 27. Rc7
Bxb3 28. cxb3 Rae8 29. Rc6 Rxe5 30. Rh6 1-0

[Event "Scarborough CC Falling Leaves"]
[Site "Toronto CAN"]
[Date "2010.11.11"]
[Round "4"]
[White "Paterson, Jim"]
[Black "Radpey, Abdolreza"]
[Result "1-0"]
[WhiteElo "1857"]
[BlackElo "1610"]
[PlyCount "90"]
[EventDate "2010.10.28"]
[EventType "swiss"]
[EventRounds "7"]
[EventCountry "CAN"]

1. e4 c5 2. Nc3 Nc6 3. g3 d6 4. Bg2 Nf6 5. d3 h6 6. Nge2 e5 7. Be3 Ng4 8. Qd2
Nxe3 9. fxe3 f5 10. exf5 Bxf5 11. O-O Bd7 12. Bd5 Qb6 13. Bf7+ Kd8 14. Nd5 Qa6
15. a3 Ne7 16. Nec3 Nxd5 17. Nxd5 Be7 18. c4 Rf8 19. b4 b5 20. Nxe7 Kxe7 21.
Bd5 Rxf1+ 22. Rxf1 Rf8 23. Rxf8 Kxf8 24. Qf2+ Ke7 25. Qf7+ Kd8 26. bxc5 bxc4
27. Bxc4 Qxa3 28. Qf8+ Kc7 29. Qxd6+ Kc8 30. Ba6+ Kd8 31. Qb8+ Ke7 32. Qxe5+
Kd8 33. Qb8+ Ke7 34. Qxa7 Qc1+ 35. Kf2 Qb2+ 36. Kf3 Qf6+ 37. Ke4 Qc6+ 38. Kd4
Qa4+ 39. Ke5 Qg4 40. Bb5 Qf5+ 41. Kd4 Qf6+ 42. Kc4 Qe6+ 43. Kb4 Kd8 44. Qxd7+
Qxd7 45. Bxd7 Kxd7 1-0

[Event "Scarborough CC Falling Leaves"]
[Site "Toronto CAN"]
[Date "2010.11.18"]
[Round "4"]
[White "Pedersen, Rune"]
[Black "Krupka, David"]
[Result "1/2-1/2"]
[WhiteElo "2342"]
[BlackElo "1986"]
[PlyCount "77"]
[EventDate "2010.10.28"]
[EventType "swiss"]
[EventRounds "7"]
[EventCountry "CAN"]

1. Nf3 d5 2. e3 Nf6 3. b3 g6 4. c4 Bg7 5. Bb2 c6 6. Be2 O-O 7. O-O Bg4 8. h3
Bxf3 9. Bxf3 e6 10. d3 Nbd7 11. e4 dxe4 12. dxe4 e5 13. b4 c5 14. b5 Re8 15. g4
Nb6 16. Qb3 Nfd7 17. Nc3 Qh4 18. Bg2 Nf8 19. Nd5 Ne6 20. Rac1 Rac8 21. a4 Nxd5
22. cxd5 Nf4 23. Rc2 b6 24. Rd1 Rcd8 25. Qg3 Qe7 26. Bf1 Bf6 27. Ra1 h5 28. Be2
Bh4 29. Qf3 Rd6 30. Bf1 Kh7 31. a5 Rg8 32. Qc3 Re8 33. axb6 axb6 34. Bc1 Bf6
35. Ra3 Bg7 36. Qg3 h4 37. Qf3 f5 38. Bxf4 fxe4 39. Qxe4 1/2-1/2

[Event "Scarborough CC Falling Leaves"]
[Site "Toronto CAN"]
[Date "2010.11.18"]
[Round "4"]
[White "Sharpe, Michael"]
[Black "Sharpe, Sam"]
[Result "1-0"]
[WhiteElo "1690"]
[BlackElo "1988"]
[PlyCount "61"]
[EventDate "2010.10.28"]
[EventType "swiss"]
[EventRounds "7"]
[EventCountry "CAN"]

1. e4 e6 2. d4 d5 3. e5 c5 4. c3 Nc6 5. Nf3 Qb6 6. a3 Nh6 7. b4 cxd4 8. cxd4
Nf5 9. Bb2 Bd7 10. Be2 Rc8 11. O-O Be7 12. Qd2 O-O 13. Rd1 f6 14. g4 Nh6 15.
exf6 Rxf6 16. g5 Rg6 17. h4 Rf8 18. h5 Rxf3 19. hxg6 Rh3 20. gxh6 Rxh6 21.
gxh7+ Kh8 22. Qd3 Qc7 23. Qg3 Bd6 24. Qd3 Qd8 25. Bf3 e5 26. dxe5 Nxe5 27. Bxe5
Bxe5 28. Qxd5 Bh2+ 29. Kf1 Bh3+ 30. Ke1 Qe7+ 31. Be4 1-0

[Event "Scarborough CC Falling Leaves"]
[Site "Toronto CAN"]
[Date "2010.11.25"]
[Round "5"]
[White "Ferreira, Alex"]
[Black "Pedersen, Rune"]
[Result "1-0"]
[WhiteElo "2087"]
[BlackElo "2342"]
[PlyCount "71"]
[EventDate "2010.10.28"]
[EventType "swiss"]
[EventRounds "7"]
[EventCountry "CAN"]

1. c4 e5 2. Nc3 Nf6 3. g3 d5 4. cxd5 Nxd5 5. Bg2 Nb6 6. Nf3 Nc6 7. O-O Be7 8.
d3 Be6 9. Be3 O-O 10. d4 exd4 11. Nxd4 Nxd4 12. Qxd4 Qxd4 13. Bxd4 c5 14. Be3
Nc4 15. Bc1 Rab8 16. Nd5 Rfe8 17. Nxe7+ Rxe7 18. b3 Ne5 19. f4 Nc6 20. Bxc6
bxc6 21. Ba3 Bf5 22. Rfe1 Rbe8 23. Kf2 Bg4 24. e3 Rd8 25. Bxc5 Rd2+ 26. Kg1
Red7 27. Bd4 Bf3 28. h3 Rd6 29. Rab1 Rg2+ 30. Kf1 c5 31. Rbc1 Rxg3 32. Rxc5 h6
33. Kf2 Rdg6 34. f5 R6g5 35. f6 Bd5 36. Rxd5 1-0

[Event "Scarborough CC Falling Leaves"]
[Site "Toronto CAN"]
[Date "2010.11.25"]
[Round "5"]
[White "Krupka, David"]
[Black "Bzikot, Robert"]
[Result "1-0"]
[WhiteElo "1986"]
[BlackElo "2024"]
[PlyCount "46"]
[EventDate "2010.10.28"]
[EventType "swiss"]
[EventRounds "7"]
[EventCountry "CAN"]

1. d4 d5 2. c4 c6 3. cxd5 cxd5 4. Nf3 Nf6 5. Nc3 e6 6. Bg5 Be7 7. e3 O-O 8. Bd3
Nc6 9. Rc1 Qb6 10. Qe2 a5 11. O-O a4 12. Ne5 a3 13. b3 Nb4 14. Bb1 Qd8 15. f4
b6 16. Rf3 Ba6 17. Qe1 Ra7 18. Qh4 g6 19. Qh6 Re8 20. Rh3 Bf8 21. Qh4 Bg7 22.
Ng4 Nxg4 23. Bxd8 h5 1-0

[Event "Scarborough CC Falling Leaves"]
[Site "Toronto CAN"]
[Date "2010.11.25"]
[Round "5"]
[White "Lin, Tony (Juntao)"]
[Black "Sharpe, Sam"]
[Result "1/2-1/2"]
[WhiteElo "1925"]
[BlackElo "1988"]
[PlyCount "49"]
[EventDate "2010.10.28"]
[EventType "swiss"]
[EventRounds "7"]
[EventCountry "CAN"]

1. e4 e6 2. d4 d5 3. Nc3 Nf6 4. Bg5 Be7 5. e5 Nfd7 6. h4 c5 7. Bxe7 Qxe7 8. Nb5
O-O 9. Nc7 Nxe5 10. Nxa8 cxd4 11. Qxd4 Nbc6 12. Qd2 Qd6 13. Bd3 Bd7 14. Nh3
Nxd3+ 15. Qxd3 Ne5 16. Qa3 Qxa3 17. bxa3 Rxa8 18. Nf4 Rc8 19. Rb1 b6 20. Nd3
Nc4 21. Rb3 Na5 22. Rb2 Nc4 23. Rb3 Na5 24. Rb2 Nc4 25. Rb3 1/2-1/2

[Event "Scarborough CC Falling Leaves"]
[Site "Toronto CAN"]
[Date "2010.11.18"]
[Round "5"]
[White "Mesiti, Silvano"]
[Black "Ward, Dean"]
[Result "0-1"]
[WhiteElo "1682"]
[BlackElo "1832"]
[PlyCount "92"]
[EventDate "2010.10.28"]
[EventType "swiss"]
[EventRounds "7"]
[EventCountry "CAN"]

1. e4 c5 2. Nf3 d6 3. Nc3 Nf6 4. d4 cxd4 5. Qxd4 Nc6 6. Qd1 g6 7. Bc4 Bg7 8.
O-O O-O 9. Re1 Bg4 10. h3 Ne5 11. Be2 Nxf3+ 12. Bxf3 Bxf3 13. Qxf3 Qb6 14. Nd1
Nd7 15. c3 Ne5 16. Qe2 a6 17. Ne3 e6 18. Nc4 Nxc4 19. Qxc4 Rac8 20. Qe2 Qc6 21.
f3 d5 22. e5 b5 23. Bf4 Qc4 24. Qe3 Rfd8 25. Red1 Bf8 26. Qd2 d4 27. Qc1 Bc5
28. Kh1 d3 29. Bg5 Rd7 30. Bf6 Bf8 31. Qe3 Bg7 32. Bxg7 Kxg7 33. Rd2 Rcd8 34.
a3 a5 35. Rad1 Rd5 36. f4 b4 37. axb4 axb4 38. cxb4 Qxb4 39. g3 Qb7 40. Kg1 Qb5
41. Kf2 Rd4 42. Kg1 Qd5 43. Re1 Rc4 44. Red1 Re4 45. Rxd3 Rxe3 46. Rxd5 Rxd5
0-1

[Event "Scarborough CC Falling Leaves"]
[Site "Toronto CAN"]
[Date "2010.11.25"]
[Round "5"]
[White "Moffat, Andrei"]
[Black "Southam, David"]
[Result "1-0"]
[WhiteElo "2259"]
[BlackElo "2161"]
[PlyCount "73"]
[EventDate "2010.10.28"]
[EventType "swiss"]
[EventRounds "7"]
[EventCountry "CAN"]

1. d4 c5 2. e4 cxd4 3. Nf3 Nc6 4. Nxd4 e6 5. Be3 Nf6 6. Nc3 Bb4 7. Bd3 d5 8.
Nxc6 bxc6 9. exd5 cxd5 10. O-O O-O 11. Bd4 Bb7 12. Re1 Ba5 13. Qf3 Bb6 14. Be5
Bc7 15. Qg3 Bxe5 16. Rxe5 g6 17. Rae1 Nd7 18. Rg5 Qf6 19. h4 Nc5 20. h5 Nxd3
21. cxd3 Rac8 22. Rge5 Bc6 23. d4 Bd7 24. h6 Qd8 25. Qe3 Qb6 26. Qf4 Qd8 27.
Nd1 f6 28. R5e2 Qe7 29. Qd2 Qd6 30. Ne3 Qf4 31. Qb4 Qxh6 32. Qd6 Rf7 33. Ng4
Qf8 34. Nxf6+ Rxf6 35. Qxd7 Rd8 36. Qxa7 Qd6 37. Qc5 1-0

[Event "Scarborough CC Falling Leaves"]
[Site "Toronto CAN"]
[Date "2010.11.25"]
[Round "5"]
[White "Song, Michael"]
[Black "Casareno, Erwin"]
[Result "1-0"]
[WhiteElo "2133"]
[BlackElo "2129"]
[PlyCount "75"]
[EventDate "2010.10.28"]
[EventType "swiss"]
[EventRounds "7"]
[EventCountry "CAN"]

1. d4 d5 2. Nf3 Nf6 3. g3 Nc6 4. Bg2 Bf5 5. c3 Qd7 6. Nbd2 Bh3 7. O-O Bxg2 8.
Kxg2 h5 9. h4 Ng4 10. b4 a6 11. Bb2 g6 12. e4 Bg7 13. Qe2 O-O 14. exd5 Qxd5 15.
c4 Qd6 16. a3 Nxd4 17. Bxd4 Bxd4 18. Ne4 Qd7 19. Rad1 Qa4 20. Rxd4 Qxa3 21. Qd2
a5 22. bxa5 Rxa5 23. Rb1 Rf5 24. Qc3 Qa6 25. Rbd1 e5 26. Rd5 Qc6 27. Qb4 Re8
28. Rd8 Rxd8 29. Rxd8+ Kh7 30. Neg5+ Rxg5 31. Qf8 Qxf3+ 32. Kxf3 Rf5+ 33. Ke2
Rxf2+ 34. Ke1 Rf1+ 35. Kxf1 Ne3+ 36. Ke2 g5 37. Qxf7+ Kh6 38. Rh8# 1-0

[Event "Scarborough CC Falling Leaves"]
[Site "Toronto CAN"]
[Date "2010.11.25"]
[Round "5"]
[White "Yuan, Yuanling"]
[Black "Picana, Andrew"]
[Result "0-1"]
[WhiteElo "2368"]
[BlackElo "2144"]
[PlyCount "98"]
[EventDate "2010.10.28"]
[EventType "swiss"]
[EventRounds "7"]
[EventCountry "CAN"]

1. e4 e5 2. Nf3 Nc6 3. Bb5 a6 4. Ba4 Nf6 5. O-O Be7 6. Re1 b5 7. Bb3 O-O 8. c3
d6 9. h3 Nb8 10. d4 Nbd7 11. Nbd2 Bb7 12. a4 h6 13. Ba2 Rb8 14. axb5 axb5 15.
Qc2 c5 16. d5 Nh7 17. Nf1 Ng5 18. N3h2 Ra8 19. Ng3 Re8 20. Nf5 Bf8 21. h4 Nh7
22. Qe2 c4 23. Qg4 Kh8 24. Be3 Bc8 25. b3 Ndf6 26. Qf3 Qc7 27. bxc4 bxc4 28. g4
Ra3 29. g5 Ng8 30. Bc1 Ra4 31. gxh6 g6 32. Ng3 Bxh6 33. Bxh6 Nxh6 34. Qd1 Bd7
35. Qd2 Kg7 36. Rab1 Rea8 37. Rb2 Qd8 38. h5 R8a7 39. Qe2 Ng5 40. Bxc4 Nh3+ 41.
Kh1 Nf4 42. Qe3 Qh4 43. Be2 Ra1 44. Rbb1 R1a2 45. Bf3 Bg4 46. Ne2 Bxf3+ 47.
Qxf3 Nh3 48. Kg2 Nf5 49. Qe3 Nf4+ 0-1